000
00293nam a22001337a 4500
999
_c
54936
_d
54936
008
190926b ||||| |||| 00| 0 eng d
041
_a
eng
080
_2
3rd
_a
613.2
082
_a
613.2
100
_a
10
101
_a
NUT
245
_a
Contemporary Nutrition
_c
Wardlaw,G.M
942
_2
udc
_c
BK